La técnica de radiodifusión en la capacitación campesina : evaluación del programa de INACAP y Freder en la provincia de Osorno, Chile.

Guardado en:
Detalles Bibliográficos
Autor principal: Amtmann M., Carlos A. (autor)
Otros autores: Fernández M., Francisco (autor) (autor)
Formato: Libro
Idioma:Español
Temas:
Etiquetas: Agrega una etiqueta
Sin etiquetas, Sé el primero en etiquetar este registro!

MARC

LEADER 00000cam^a2200000uu^4500
001 000470530
005 20250521000000.0
008 050901s1977^^^^^^^^^^^^rd^r^^000^0^spa^d
009 20260310124603.626
035 |a FCE 000013318 
035 |a FCE 001096 
037 |a Acervo ITESO - Biblioteca 
041 |a spa 
082 0 4 |a 374.2783  |b AMTt 
100 |a Amtmann M., Carlos A.  |e (autor) 
245 1 3 |a La técnica de radiodifusión en la capacitación campesina :  |b evaluación del programa de INACAP y Freder en la provincia de Osorno, Chile. 
264 |a Chile :  |b Universidad Austral de Chile,  |c 1977. 
300 |a 78 p. 
336 |a texto  |b txt  |2 rdacontenido 
337 |a sin mediación  |b n  |2 rdamedio 
338 |a volumen  |b nc  |2 rdasoporte 
649 |a XX 
650 |a Educación de adultos 
650 |a Campesinos 
650 |a Radio educativa 
650 |a Evaluación del programa 
650 |a Radiodifusión 
650 |a Capacitación 
650 |a Chile 
700 |a Fernández M., Francisco  |e (autor) 
910 |a Fondo Centro de Estudios Educativos 
920 |a Impresos - Libros 
930 |a Fondos Especiales 
905 |a 133 
901 |a ALE001096  |b IT2  |c CEE  |u 20250521 
902 |a https://opac.biblio.iteso.mx/vufind/Record/000470530